Civilization VI - Champions du monde - Statistiques

Statistiques générales
  • Ce quiz a été pris 7 fois
    6 depuis la dernière actualisation
  • Le résultat moyen est 4 sur 10
Statistiques - réponses
Saison Équipe % Correct
4 Ulyss
100%
6 Ulyss
100%
7 Freritos de la Vega
83%
10 Meow for Delegation
33%
8 Change öf Circumstance
17%
9 Holiday on Highlands
17%
1 Nekst Vigraem
17%
2 PP Patrol
17%
3 TBD
17%
5 Zone of Control
17%
Aucun quiz correspondant
Distribution des résultats
% des personnes avec chaque résultat
Percentile par nombre de réponses
Votre historique - résultats
Vous n’avez pas pris ce quiz depuis la dernière actualisation